000 00520nam a2200181Ia 4500
008 090201s9999 xx 000 0 und d
010 _aKPL-72183
040 _bमराठी
041 _aमराठी
082 _a52189
_b72183
100 _a दिवाण वृंदा
245 _aअर्धुक
_c दिवाण वृंदा
250 _a1
260 _c2006
_bपायल पब्लिकेशन
300 _a208
_bलहान
600 _aअर्धुक
942 _cBOOK
999 _c248637
_d248637